000 00240nam a2200097Ia 4500
008 220204s9999 xx 000 0 und d
082 _a025.45UDC
_bUDC
245 0 _aUDC International medium edition. 1985. 2 Pts
260 _bBSI
942 _cBK
999 _c43277
_d43277